000 00697nam a2200289Ia 4500
005 20260324114857.0
008 008 260324s9999 xx 000 0 eng d
020 _a9781003031574
037 _aEBOOK
040 _aCRL
040 _beng
040 _cCRL
041 _2eng
041 _aeng
084 _qCRL
100 _aIvo Terek Couto; Alexandre Lymberopoulos
_91152499
245 0 _aIntroduction to Lorentz Geometry
245 0 _bCurves and Surfaces
260 _bTaylor and Francis
260 _c2021
365 _a
365 _b240
856 _uhttp://www.taylorfrancis.com/books/9781003031574
942 _cEBOOK
999 _c1742947
_d1742947